| LEADER |
00992nam0a2200241 450 |
| 001 |
16833647 |
| 010 |
|
|
|a 978-2-330-02816-9
|b br.
|d 12,7
|
| 100 |
|
|
|a 20140220d2014 u u0frey01 ba
|
| 101 |
0 |
|
|a fre
|
| 102 |
|
|
|a FR
|
| 200 |
0 |
|
|a chimie verte à petits pas (La)
|f Emilie Ramel et Caroline Willay
|g illustrations de Laurent Kling
|
| 207 |
|
1 |
|a
|
| 210 |
|
|
|a Arles (Bouches-du-Rhône)
|c Actes sud junior
|d 2014
|
| 215 |
|
|
|a 69 p.
|c ill en coul
|d 25 cm
|
| 225 |
1 |
|
|a A petits pas
|
| 300 |
|
|
|a Conservation partagée BD 13
|
| 330 |
|
|
|a Cet ouvrage invite à découvrir que chimie ne rime pas seulement avec pollution ou marées noires, mais qu'elle peut aussi servir à fabriquer des produits respectueux de l'environnement.
|
| 700 |
|
0 |
|a Ramel
|b Emilie
|4 70
|
| 701 |
|
0 |
|a Willay
|b Caroline
|4 70
|
| 702 |
|
0 |
|a Kling
|b Laurent
|4 440
|
| 900 |
|
|
|a Documentaire jeunesse
|
| 901 |
|
|
|a Accessible au prêt
|
| 995 |
|
|
|a BD 13
|b 156
|c Bibliothèque
|f 00156009773565
|h 00156009773565
|k E 540 RAM
|o p
|q j
|r az
|e BD 13
|